Mallorca, el sur y sureste / (Record no. 133042)

MARC details
000 -LEADER
campo de control de longitud fija 00736nam a2200193 4500
001 - NÚMERO DE CONTROL
campo de control 133042
003 - IDENTIFICADOR DE NÚMERO DE CONTROL
campo de control ES-MaACL
005 - FECHA Y HORA DE LA ÚLTIMA TRANSACCIÓN
campo de control 20250901212952.0
007 - CAMPO FIJO DE DESCRIPCIÓN FÍSICA--INFORMACIÓN GENERAL
campo de control de longitud fija t|
008 - DATOS DE LONGITUD FIJA--INFORMACIÓN GENERAL
campo de control de longitud fija 070214s1964 sp r ||||1| spa d
100 1# - ENTRADA PRINCIPAL--NOMBRE DE PERSONA
Nombre de persona Rosselló i Verger, Vicenç M.
9 (RLIN) 99846
245 10 - MENCIÓN DEL TÍTULO
Título Mallorca, el sur y sureste /
Mención de responsabilidad, etc. Vicenç M. Rosselló i Verger.
260 ## - PUBLICACIÓN, DISTRIBUCIÓN, ETC.
Lugar de publicación, distribución, etc. Palma de Mallorca :
Nombre del editor, distribuidor, etc. [s.n.],
Fecha de publicación, distribución, etc. 1964 (
Fabricante Gráf. Miramar)
300 ## - DESCRIPCIÓN FÍSICA
Extensión XVIII, 553 p. :
Otras características físicas il. ;
Dimensiones 31 cm +
Material acompañante/anejo 7 map.
500 ## - NOTA GENERAL
Nota general Precede al Tit : Cámara Oficial de Comercio, Industria y Navegación de Palma de Mallorca.
710 2# - ENTRADA AGREGADA--NOMBRE DE ENTIDAD CORPORATIVA
Nombre de entidad corporativa o nombre de jurisdicción como elemento de entrada Cámara Oficial de Comercio, Industria y Navegación de Palma de Mallorca
9 (RLIN) 2397
852 ## - LOCALIZACIÓN
Ubicación ES-MaACL
Número de control de estantería C-26823
Sublocalización o colección R.56085
Holdings
Estatus retirado Estado de pérdida Estado de daño No para préstamo Biblioteca de origen Biblioteca actual Ubicación en estantería Fecha de adquisición Fuente de adquisición Total de préstamos Signatura topográfica completa Código de barras Visto por última vez Precio de reemplazo Tipo de ítem Koha
        Biblioteca del Ateneo de Madrid Biblioteca del Ateneo de Madrid Depósito 2 17/01/2008     C-26823 1138506 23/02/2023 23/02/2023 Libro impreso